000 08594nam a22006017a 4500
005 20091116111250.0
008 091116t xxu||||| |||| 00| 0 hin d
010 _aHIN-88553
020 _a9788178126180
_c280.00
035 _aHN-60899
035 _aB-367458-484
037 _bDBAD / PUB
037 _bरमेश पब्लिशिंग हाउस
040 _aDPL
_bHN
082 _a000
245 _aआर गुप्ता कृत पॉपुलर मास्टर गाइड IDBI / SIDBI असिस्टेंट मैनेजर एक्ज़ीक्युटिवः
_bभर्ती परीक्षा /
246 _aR.Gupta krita popular master guide IDBI / SIDBI assistant manager executive : bharti pariksha
260 _aनई दिल्ली
_bरमेश पब्लिशिंग हाउस
_c2010
270 _a12-एच. न्यू दरियागंज रोड, ट्रैफिक कोतवाली के सामने
_bनई दिल्ली
_e110002
_k23261567
_l011- 23275124
_minfo@rameshpublishinghouse.com
300 _aiv, वि.पृ
_c23सेमी (अजिल्द)
650 _aसामान्य ज्ञान
650 _aGeneral kowledge
942 _2ddc
_cHN
_h000
_mआरगु
999 _c31835
_d31835